|
|
|
|
| LEADER |
00801nam a2200205Ia 4500 |
| 001 |
CTU_87445 |
| 008 |
210402s9999 xx 000 0 und d |
| 020 |
|
|
|c 10000
|
| 082 |
|
|
|a 660.282
|
| 082 |
|
|
|b Qu100
|
| 110 |
|
|
|a Trường Đại học Bách Khoa Tp. Hồ Chí Minh
|
| 245 |
|
0 |
|a Quá trình và thiết bị công nghệ hóa học và thực phẩm: Bảng tra cứu quá trình cơ học - Truyền nhiệt - Truyền Khối
|
| 245 |
|
0 |
|c Trường Đại học Bách Khoa Tp. Hồ Chí Minh
|
| 260 |
|
|
|a Tp. Hồ Chí Minh
|
| 260 |
|
|
|b Đại học Quốc gia
|
| 260 |
|
|
|c 2004
|
| 650 |
|
|
|a heat,heat engineering
|
| 650 |
|
|
|x transmission,instruments
|
| 904 |
|
|
|i Tuyến
|
| 980 |
|
|
|a Trung tâm Học liệu Trường Đại học Cần Thơ
|